The Maze runner: (Record no. 617403)

000 -LEADER
fixed length control field 00393nam a22001457a 4500
020 ## - INTERNATIONAL STANDARD BOOK NUMBER
International Standard Book Number 978909489400
040 ## - CATALOGING SOURCE
Transcribing agency NUST
082 ## - DEWEY DECIMAL CLASSIFICATION NUMBER
Classification number 813.6,DAS
100 ## - MAIN ENTRY--PERSONAL NAME
Personal name Dashner, James
9 (RLIN) 134408
245 ## - TITLE STATEMENT
Title The Maze runner:
Remainder of title book 1 in the maze runner series /
Statement of responsibility, etc. James Dashner
260 ## - PUBLICATION, DISTRIBUTION, ETC.
Place of publication, distribution, etc. New Yourk
Name of publisher, distributor, etc. Great britain
Date of publication, distribution, etc. 2013
300 ## - PHYSICAL DESCRIPTION
Extent 370 p.;
650 ## - SUBJECT ADDED ENTRY--TOPICAL TERM
Topical term or geographic name entry element Novel
9 (RLIN) 2525
942 ## - ADDED ENTRY ELEMENTS (KOHA)
Source of classification or shelving scheme
Koha item type Fiction
Call number prefix 813.6,DAS
Holdings
Withdrawn status Lost status Source of classification or shelving scheme Damaged status Not for loan Permanent Location Current Location Shelving location Date acquired Total Checkouts Full call number Barcode Date last seen Price effective from Koha item type
          Military College of Signals (MCS) Military College of Signals (MCS) General Stacks 05/12/2026   813.6,DAS MCS39005 05/12/2026 05/12/2026 Fiction
© 2023 Central Library, National University of Sciences and Technology. All Rights Reserved.